Score 0/19 Timer 02:00
0 Plays Today
Clue 4-letter word % Correct
Kiss and ____ upMAKE
90.9%
Mickey and Minnie, for exampleMICE
89.1%
Japanese alcoholic beverageSAKE
86.7%
Attraction at an amusement parkRIDE
84.8%
Possible side for a Japanese dishRICE
84.4%
Stallion, rooster or boarMALE
79.6%
____ Fifth AvenueSAKS
77%
Venus de ____MILO
74.5%
SeƱorita or mademoiselleMISS
73.7%
Japanese soupMISO
73.6%
Clue 4-letter word % Correct
Opposite of buenoMALO
73.1%
They protect the internal organsRIBS
71.9%
Purges from one's lifeRIDS
70.6%
What singers sing into at a concert, for shortMICS
69.5%
Cries uncontrollablySOBS
66.6%
Emulates John Dillinger or Jesse JamesROBS
59.4%
Tibetan beasts of burdenYAKS
59.1%
Half of a Japanese dishYAKI
27.3%
Other half of a Japanese dishSOBA
23.6%

Today's Daily Dose

Missing Word
'T' Pairs

Word Ladder
Game Pieces

Get the Picture
Baseball Movies

Remove Ads.
Support Sporcle.
Get the best of Sporcle when you Go Orange. This ad-free experience offers more features, more stats, and more fun while also helping to support Sporcle. Thank you for becoming a member.

You're not logged in!

Compare scores with friends on all Sporcle quizzes.
OR
Log In

Show Comments

Extras

Top Quizzes Today


Score Distribution

Your Account Isn't Verified!

In order to create a playlist on Sporcle, you need to verify the email address you used during registration. Go to your Sporcle Settings to finish the process.

Report this User

Report this user for behavior that violates our Community Guidelines.

Details: